000 00470nam a2200193Ia 4500
008 210210b2002 xxu||||| |||| 00| 0 eng d
041 _aeng
082 _a343.071K ADDJ
100 _aADDURU KRASHNA RAV
245 _aJanajAgratiya sAdhana: mAhiti manthana
260 _aBasrUru
_bBalakedarara Vedike
_c2002
300 _a95
650 _asAdhana:
650 _amanthana
650 _amAhiti
650 _aJanajAgratiya
690 _aPublic Law
906 _a066412
999 _c86754
_d86754